| 000 | 00377nam a22001697a 4500 | ||
|---|---|---|---|
| 005 | 20170401123320.0 | ||
| 008 | 170401b xxu||||| |||| 00| 0 eng d | ||
| 020 | _a978-0-07-068192-3 | ||
| 041 | _aeng | ||
| 100 |
_aGANESAN,V _93744 |
||
| 245 | _aGAS TURBINES | ||
| 250 | _a3rd | ||
| 260 |
_bMCGRAW HILL _c2010 |
||
| 300 | _a627 | ||
| 650 |
_aENGINEERING _93745 |
||
| 942 | _cBK | ||
| 999 |
_c5365 _d5363 |
||